00536nam a22001695a 450000100060000000300040000600500170001000800410002701000170006802000150008504000130010008200160011310000260012924501550015526000450031030000110035580487OSt20230620120214.0950321s1993 gw 000 0 eng  a 95129427  a3860772120 aDLCcDLC a320.46bVOG1 aAdam, Erfried,d1945-10aDemocracy in Africa, a new beginning? :bInternational Conference, Bonn, 1.-3. June 1992 : selected papers and discusssions /c[Ed. by, Erfried Adam]. aBonn :bFriedrich-Ebert-Stiftung,c1993. a117 p.